Decàleg per a una sexualitat sana
Descripción Física:
1 díptic ; il. col. ; 10 x 21 cm
Idioma:
Catalán
MARC
| LEADER | 00000nam a22000007a 4500 | ||
|---|---|---|---|
| 001 | 28005 | ||
| 003 | Arxiu | ||
| 005 | 20260324181518.0 | ||
| 008 | 230612b spa||||| |||| 00| 0 cat d | ||
| 017 | |a B 7491-2018 | ||
| 040 | |a agdb |b cat | ||
| 245 | |a Decàleg per a una sexualitat sana | ||
| 260 | |a Barcelona : |b Diputació de Barcelona. Servei de Salut Pública ; |c 2018 | ||
| 300 | |a 1 díptic ; |b il. col. ; |c 10 x 21 cm | ||
| 650 | 0 | |a Educació sexual |z Barcelona (Catalunya : Província) | |
| 710 | |9 52202 |a Barcelona (Catalunya : Província). |b Servei de Salut Pública | ||
| 942 | |2 udc |c ARXIU |n 1 | ||
| 952 | |0 0 |1 0 |2 udc |4 0 |6 FU7623 |7 1 |9 66476 |a Arxiu |b Arxiu |d 2023-06-12 |l 0 |o FU-76-23 |p 28005 |r 2023-06-12 00:00:00 |w 2023-06-12 |y ARXIU | ||
| 999 | |c 83808 |d 83808 | ||